[Event "2025 National K-12 Grade Championship"]
[Site "Spokane, WI USA, United States"]
[Date "2025.12.14"]
[Round "6.14"]
[White "Shevelenko, Leon"]
[Black "Cherukuri, Nitesh"]
[Result "0-1"]
[TimeControl "G/90; d10"]
[BlackTitle "FM"]
[WhiteFideId "39951278"]
[BlackFideId "30978688"]
[WhiteElo "2069"]
[BlackElo "2338"]

1. d4 {[%clk 01:26:49]} {[%emt 00:03:20]} d5 {[%clk 01:29:45]} {[%emt
00:00:25]} 2. c4 {[%clk 01:25:51]} {[%emt 00:01:08]} e6 {[%clk 01:29:45]}
{[%emt 00:00:03]} 3. Nc3 {[%clk 01:25:02]} {[%emt 00:00:59]} Nf6 {[%clk
01:29:40]} {[%emt 00:00:15]} 4. cxd5 {[%clk 01:24:18]} {[%emt 00:00:54]} exd5
{[%clk 01:29:40]} {[%emt 00:00:01]} 5. Bg5 {[%clk 01:23:47]} {[%emt 00:00:40]}
Be6 {[%clk 01:29:40]} {[%emt 00:00:08]} 6. e3 {[%clk 01:22:00]} {[%emt
00:01:57]} Nbd7 {[%clk 01:29:32]} {[%emt 00:00:17]} 7. Bd3 {[%clk 01:18:45]}
{[%emt 00:03:25]} c6 {[%clk 01:29:32]} {[%emt 00:00:02]} 8. Nf3 {[%clk
01:15:54]} {[%emt 00:03:01]} h6 {[%clk 01:27:41]} {[%emt 00:02:01]} 9. Bh4
{[%clk 01:14:29]} {[%emt 00:01:35]} g5 {[%clk 01:20:26]} {[%emt 00:07:26]} 10.
Bg3 {[%clk 01:14:12]} {[%emt 00:00:26]} Nh5 {[%clk 01:20:26]} {[%emt 00:00:08]}
11. Be5 {[%clk 01:13:56]} {[%emt 00:00:26]} Nxe5 {[%clk 01:19:28]} {[%emt
00:01:08]} 12. Nxe5 {[%clk 01:13:28]} {[%emt 00:00:38]} Nf6 {[%clk 01:19:28]}
{[%emt 00:00:02]} 13. O-O {[%clk 01:09:25]} {[%emt 00:04:12]} Bd6 {[%clk
01:16:21]} {[%emt 00:03:18]} 14. f4 {[%clk 00:58:26]} {[%emt 00:11:08]} gxf4
{[%clk 01:12:34]} {[%emt 00:03:57]} 15. exf4 {[%clk 00:52:16]} {[%emt
00:06:20]} Qb6 {[%clk 01:08:53]} {[%emt 00:03:51]} 16. Ne2 {[%clk 00:46:09]}
{[%emt 00:06:17]} O-O-O {[%clk 01:03:56]} {[%emt 00:05:07]} 17. Qa4 {[%clk
00:39:44]} {[%emt 00:06:34]} Ne4 {[%clk 00:53:38]} {[%emt 00:10:28]} 18. Rac1
{[%clk 00:32:58]} {[%emt 00:06:57]} Kb8 {[%clk 00:53:23]} {[%emt 00:00:25]} 19.
b4 {[%clk 00:29:19]} {[%emt 00:03:49]} Bxe5 {[%clk 00:46:29]} {[%emt 00:07:04]}
20. fxe5 {[%clk 00:29:09]} {[%emt 00:00:20]} Rhg8 {[%clk 00:42:07]} {[%emt
00:04:32]} 21. b5 {[%clk 00:18:05]} {[%emt 00:11:14]} cxb5 {[%clk 00:41:37]}
{[%emt 00:00:41]} 22. Bxb5 {[%clk 00:14:30]} {[%emt 00:03:45]} Rc8 {[%clk
00:37:07]} {[%emt 00:04:40]} 23. Kh1 {[%clk 00:06:28]} {[%emt 00:08:12]} Rxc1
{[%clk 00:30:35]} {[%emt 00:06:42]} 24. Rxc1 {[%clk 00:06:23]} {[%emt
00:00:15]} a6 {[%clk 00:30:20]} {[%emt 00:00:25]} 25. Bd7 {[%clk 00:00:35]}
{[%emt 00:05:57]} Qb2 {[%clk 00:30:11]} {[%emt 00:00:19]} 26. Re1 {[%clk
00:00:15]} {[%emt 00:00:30]} Qd2 {[%clk 00:30:11]} {[%emt 00:00:10]} 0-1

[Event "2025 National K-12 Grade Championship"]
[Site "Spokane, WI USA, United States"]
[Date "2025.12.14"]
[Round "6.15"]
[White "Karthik, Raghav Vedant"]
[Black "Qian, Bobby"]
[Result "0-1"]
[TimeControl "G/90; d10"]
[BlackTitle "CM"]
[WhiteFideId "39972470"]
[BlackFideId "30965241"]
[WhiteElo "1717"]
[BlackElo "2227"]

1. d4 {[%clk 01:30:00]} {[%emt 00:00:04]} d5 {[%clk 01:30:00]} {[%emt
00:00:05]} 2. c4 {[%clk 01:30:00]} {[%emt 00:00:06]} c6 {[%clk 01:30:00]}
{[%emt 00:00:03]} 3. Nf3 {[%clk 01:30:00]} {[%emt 00:00:03]} Nf6 {[%clk
01:30:00]} {[%emt 00:00:04]} 4. e3 {[%clk 01:30:00]} {[%emt 00:00:04]} Bf5
{[%clk 01:30:00]} {[%emt 00:00:04]} 5. Nc3 {[%clk 01:30:00]} {[%emt 00:00:08]}
e6 {[%clk 01:30:00]} {[%emt 00:00:04]} 6. Bd3 {[%clk 01:29:58]} {[%emt
00:00:13]} Bg6 {[%clk 01:27:45]} {[%emt 00:02:25]} 7. O-O {[%clk 01:28:31]}
{[%emt 00:01:37]} Nbd7 {[%clk 01:27:45]} {[%emt 00:00:11]} 8. Re1 {[%clk
01:27:33]} {[%emt 00:01:08]} Bb4 {[%clk 01:24:27]} {[%emt 00:03:28]} 9. a3
{[%clk 01:21:14]} {[%emt 00:06:29]} Bxc3 {[%clk 01:23:28]} {[%emt 00:01:09]} 10.
bxc3 {[%clk 01:21:14]} {[%emt 00:00:04]} Qc7 {[%clk 01:21:16]} {[%emt
00:02:23]} 11. cxd5 {[%clk 01:13:12]} {[%emt 00:08:12]} cxd5 {[%clk 01:10:02]}
{[%emt 00:11:24]} 12. Bb2 {[%clk 01:12:38]} {[%emt 00:00:43]} O-O {[%clk
01:09:15]} {[%emt 00:00:58]} 13. Rc1 {[%clk 01:08:14]} {[%emt 00:04:34]} Rfc8
{[%clk 01:06:30]} {[%emt 00:02:55]} 14. Be2 {[%clk 01:00:41]} {[%emt 00:07:43]}
Nb6 {[%clk 01:03:37]} {[%emt 00:03:02]} 15. Ne5 {[%clk 00:55:38]} {[%emt
00:05:14]} Nfd7 {[%clk 01:01:22]} {[%emt 00:02:25]} 16. Nxg6 {[%clk 00:48:10]}
{[%emt 00:07:37]} hxg6 {[%clk 01:01:22]} {[%emt 00:00:08]} 17. f3 {[%clk
00:46:49]} {[%emt 00:01:31]} Nc4 {[%clk 01:01:04]} {[%emt 00:00:29]} 18. Bxc4
{[%clk 00:46:35]} {[%emt 00:00:23]} Qxc4 {[%clk 01:00:57]} {[%emt 00:00:17]} 19.
e4 {[%clk 00:45:05]} {[%emt 00:01:40]} Nb6 {[%clk 01:00:21]} {[%emt 00:00:46]}
20. Ra1 {[%clk 00:43:08]} {[%emt 00:02:06]} Na4 {[%clk 00:58:45]} {[%emt
00:01:47]} 21. Qd2 {[%clk 00:42:34]} {[%emt 00:00:45]} b5 {[%clk 00:50:09]}
{[%emt 00:08:46]} 22. exd5 {[%clk 00:39:07]} {[%emt 00:03:36]} Qxd5 {[%clk
00:50:01]} {[%emt 00:00:18]} 23. Re5 {[%clk 00:36:50]} {[%emt 00:02:26]} Qb3
{[%clk 00:49:25]} {[%emt 00:00:47]} 24. Re2 {[%clk 00:34:36]} {[%emt 00:02:24]}
a6 {[%clk 00:43:06]} {[%emt 00:06:29]} 25. h4 {[%clk 00:31:31]} {[%emt
00:03:15]} Ra7 {[%clk 00:37:55]} {[%emt 00:05:21]} 26. Kf2 {[%clk 00:30:39]}
{[%emt 00:01:01]} Rac7 {[%clk 00:34:44]} {[%emt 00:03:21]} 27. Qc2 {[%clk
00:26:55]} {[%emt 00:03:54]} Qxc2 {[%clk 00:30:50]} {[%emt 00:04:04]} 28. Rxc2
{[%clk 00:26:55]} {[%emt 00:00:01]} Nxb2 {[%clk 00:30:40]} {[%emt 00:00:20]} 29.
Rxb2 {[%clk 00:26:55]} {[%emt 00:00:04]} Rxc3 {[%clk 00:30:40]} {[%emt
00:00:05]} 30. Raa2 {[%clk 00:22:51]} {[%emt 00:04:14]} R8c4 {[%clk 00:27:30]}
{[%emt 00:03:20]} 31. Rb4 {[%clk 00:20:59]} {[%emt 00:02:02]} Rc2+ {[%clk
00:26:11]} {[%emt 00:01:28]} 32. Rxc2 {[%clk 00:20:41]} {[%emt 00:00:28]} Rxc2+
{[%clk 00:26:11]} {[%emt 00:00:04]} 33. Kg3 {[%clk 00:20:30]} {[%emt 00:00:22]}
Kf8 {[%clk 00:16:47]} {[%emt 00:09:35]} 34. a4 {[%clk 00:14:28]} {[%emt
00:06:11]} Rc4 {[%clk 00:12:07]} {[%emt 00:04:49]} 35. Rxc4 {[%clk 00:14:28]}
{[%emt 00:00:08]} bxc4 {[%clk 00:12:07]} {[%emt 00:00:04]} 36. Kf2 {[%clk
00:14:28]} {[%emt 00:00:02]} Ke7 {[%clk 00:10:53]} {[%emt 00:01:25]} 37. Ke2
{[%clk 00:14:28]} {[%emt 00:00:05]} Kd6 {[%clk 00:10:39]} {[%emt 00:00:24]} 38.
Kd2 {[%clk 00:12:40]} {[%emt 00:01:58]} Kd5 {[%clk 00:10:27]} {[%emt 00:00:21]}
39. Kc3 {[%clk 00:12:40]} {[%emt 00:00:05]} a5 {[%clk 00:10:21]} {[%emt
00:00:16]} 40. f4 {[%clk 00:10:04]} {[%emt 00:02:45]} f6 {[%clk 00:09:56]}
{[%emt 00:00:36]} 41. g4 {[%clk 00:08:10]} {[%emt 00:02:04]} f5 {[%clk
00:09:48]} {[%emt 00:00:18]} 42. g5 {[%clk 00:07:42]} {[%emt 00:00:38]} Ke4
{[%clk 00:09:48]} {[%emt 00:00:04]} 43. Kxc4 {[%clk 00:06:49]} {[%emt
00:01:03]} Kxf4 {[%clk 00:09:48]} {[%emt 00:00:05]} 44. Kb5 {[%clk 00:06:38]}
{[%emt 00:00:22]} Ke4 {[%clk 00:09:07]} {[%emt 00:00:51]} 45. Kxa5 {[%clk
00:06:10]} {[%emt 00:00:37]} f4 {[%clk 00:09:07]} {[%emt 00:00:06]} 46. Kb6
{[%clk 00:05:36]} {[%emt 00:00:45]} f3 {[%clk 00:09:07]} {[%emt 00:00:04]} 47.
a5 {[%clk 00:05:36]} {[%emt 00:00:03]} f2 {[%clk 00:09:07]} {[%emt 00:00:03]}
48. a6 {[%clk 00:05:36]} {[%emt 00:00:03]} f1=Q {[%clk 00:09:07]} {[%emt
00:00:06]} 49. a7 {[%clk 00:05:36]} {[%emt 00:00:07]} Qa1 {[%clk 00:08:55]}
{[%emt 00:00:21]} 50. a8=Q+ {[%clk 00:05:06]} {[%emt 00:00:39]} Qxa8 {[%clk
00:08:55]} {[%emt 00:00:08]} 51. Kc7 {[%clk 00:05:06]} {[%emt 00:00:05]} Qd5
{[%clk 00:08:50]} {[%emt 00:00:15]} 52. h5 {[%clk 00:05:06]} {[%emt 00:00:06]}
gxh5 {[%clk 00:08:50]} {[%emt 00:00:06]} 53. g6 {[%clk 00:05:06]} {[%emt
00:00:08]} Kxd4 {[%clk 00:08:50]} {[%emt 00:00:05]} 54. Kb8 {[%clk 00:05:06]}
{[%emt 00:00:08]} Qd7 {[%clk 00:08:50]} {[%emt 00:00:07]} 55. Ka8 {[%clk
00:05:06]} {[%emt 00:00:05]} Kc5 {[%clk 00:08:50]} {[%emt 00:00:03]} 56. Kb8
{[%clk 00:05:06]} {[%emt 00:00:08]} Kb6 {[%clk 00:08:50]} {[%emt 00:00:03]} 57.
Ka8 {[%clk 00:05:06]} {[%emt 00:00:10]} Qb7# {[%clk 00:08:50]} {[%emt
00:00:04]} 0-1

[Event "2025 National K-12 Grade Championship"]
[Site "Spokane, WI USA, United States"]
[Date "2025.12.14"]
[Round "6.16"]
[White "Javeri, Arhan"]
[Black "Thimmasamudram, Sandeep"]
[Result "0-1"]
[TimeControl "G/90; d10"]
[WhiteFideId "0"]
[BlackFideId "30983100"]
[WhiteElo "1993"]
[BlackElo "2084"]

1. Nf3 {[%clk 01:30:00]} {[%emt 00:00:02]} Nf6 {[%clk 01:30:00]} {[%emt
00:00:08]} 2. c4 {[%clk 01:30:00]} {[%emt 00:00:08]} e6 {[%clk 01:30:00]}
{[%emt 00:00:04]} 3. g3 {[%clk 01:30:00]} {[%emt 00:00:09]} Be7 {[%clk
01:30:00]} {[%emt 00:00:05]} 4. Bg2 {[%clk 01:30:00]} {[%emt 00:00:06]} O-O
{[%clk 01:30:00]} {[%emt 00:00:06]} 5. O-O {[%clk 01:29:51]} {[%emt 00:00:19]}
d5 {[%clk 01:30:00]} {[%emt 00:00:04]} 6. d4 {[%clk 01:28:19]} {[%emt
00:01:42]} Nbd7 {[%clk 01:30:00]} {[%emt 00:00:08]} 7. Nc3 {[%clk 01:26:48]}
{[%emt 00:01:40]} c6 {[%clk 01:30:00]} {[%emt 00:00:07]} 8. Qd3 {[%clk
01:22:58]} {[%emt 00:04:00]} b6 {[%clk 01:29:24]} {[%emt 00:00:47]} 9. e4
{[%clk 01:22:40]} {[%emt 00:00:28]} Bb7 {[%clk 01:25:17]} {[%emt 00:04:17]} 10.
Rd1 {[%clk 01:18:32]} {[%emt 00:04:19]} Rc8 {[%clk 01:16:43]} {[%emt 00:08:44]}
11. cxd5 {[%clk 00:49:41]} {[%emt 00:29:00]} exd5 {[%clk 01:15:48]} {[%emt
00:01:05]} 12. e5 {[%clk 00:44:48]} {[%emt 00:05:03]} Ne8 {[%clk 01:15:41]}
{[%emt 00:00:17]} 13. Bh3 {[%clk 00:43:37]} {[%emt 00:01:21]} Nc7 {[%clk
01:13:46]} {[%emt 00:02:06]} 14. Ne2 {[%clk 00:32:51]} {[%emt 00:10:55]} Re8
{[%clk 01:09:48]} {[%emt 00:04:08]} 15. Nf4 {[%clk 00:30:06]} {[%emt 00:02:55]}
Bf8 {[%clk 01:08:59]} {[%emt 00:00:59]} 16. Ng5 {[%clk 00:29:38]} {[%emt
00:00:38]} g6 {[%clk 00:58:46]} {[%emt 00:10:23]} 17. e6 {[%clk 00:28:06]}
{[%emt 00:01:42]} Nxe6 {[%clk 00:58:11]} {[%emt 00:00:45]} 18. Nfxe6 {[%clk
00:26:04]} {[%emt 00:02:13]} fxe6 {[%clk 00:56:58]} {[%emt 00:01:23]} 19. Nxe6
{[%clk 00:23:09]} {[%emt 00:03:04]} Qe7 {[%clk 00:54:47]} {[%emt 00:02:21]} 20.
Re1 {[%clk 00:17:22]} {[%emt 00:05:57]} Bg7 {[%clk 00:32:06]} {[%emt 00:22:51]}
21. Bd2 {[%clk 00:13:57]} {[%emt 00:03:36]} Nf8 {[%clk 00:14:35]} {[%emt
00:17:41]} 22. Nxg7 {[%clk 00:12:50]} {[%emt 00:01:17]} Qxg7 {[%clk 00:14:35]}
{[%emt 00:00:09]} 23. Bxc8 {[%clk 00:12:50]} {[%emt 00:00:03]} Rxc8 {[%clk
00:14:35]} {[%emt 00:00:08]} 24. Qe3 {[%clk 00:12:50]} {[%emt 00:00:07]} Rc7
{[%clk 00:13:54]} {[%emt 00:00:51]} 25. Qe8 {[%clk 00:12:18]} {[%emt 00:00:42]}
c5 {[%clk 00:10:45]} {[%emt 00:03:19]} 26. Bf4 {[%clk 00:10:35]} {[%emt
00:01:52]} Rd7 {[%clk 00:10:45]} {[%emt 00:00:11]} 27. Be5 {[%clk 00:10:01]}
{[%emt 00:00:44]} Qf7 {[%clk 00:10:45]} {[%emt 00:00:10]} 28. Qb8 {[%clk
00:08:50]} {[%emt 00:01:21]} Bc6 {[%clk 00:09:26]} {[%emt 00:01:29]} 29. Bd6
{[%clk 00:07:42]} {[%emt 00:01:18]} Kg7 {[%clk 00:07:36]} {[%emt 00:01:59]} 30.
Re8 {[%clk 00:04:47]} {[%emt 00:03:05]} Rxd6 {[%clk 00:07:33]} {[%emt
00:00:13]} 31. Qxd6 {[%clk 00:04:02]} {[%emt 00:00:55]} Qxe8 {[%clk 00:07:24]}
{[%emt 00:00:19]} 32. a4 {[%clk 00:03:18]} {[%emt 00:00:55]} Qe6 {[%clk
00:06:40]} {[%emt 00:00:54]} 33. dxc5 {[%clk 00:03:02]} {[%emt 00:00:26]} Qxd6
{[%clk 00:04:33]} {[%emt 00:02:17]} 34. cxd6 {[%clk 00:03:02]} {[%emt
00:00:02]} Kf6 {[%clk 00:04:13]} {[%emt 00:00:30]} 35. a5 {[%clk 00:03:02]}
{[%emt 00:00:03]} Ke6 {[%clk 00:04:10]} {[%emt 00:00:12]} 36. axb6 {[%clk
00:02:59]} {[%emt 00:00:13]} axb6 {[%clk 00:04:10]} {[%emt 00:00:01]} 37. Ra6
{[%clk 00:02:39]} {[%emt 00:00:30]} Nd7 {[%clk 00:04:10]} {[%emt 00:00:01]} 38.
Ra7 {[%clk 00:02:39]} {[%emt 00:00:08]} Kxd6 {[%clk 00:04:10]} {[%emt
00:00:03]} 39. Kf1 {[%clk 00:02:39]} Bb5+ {[%clk 00:03:40]} {[%emt 00:00:41]}
40. Ke1 {[%clk 00:02:39]} {[%emt 00:00:02]} d4 {[%clk 00:03:40]} {[%emt
00:00:05]} 41. Ra3 {[%clk 00:02:38]} {[%emt 00:00:10]} Kd5 {[%clk 00:03:40]}
{[%emt 00:00:05]} 42. Rb3 {[%clk 00:02:38]} {[%emt 00:00:04]} Bc4 {[%clk
00:03:40]} {[%emt 00:00:01]} 43. Rf3 {[%clk 00:02:38]} {[%emt 00:00:03]} Ne5
{[%clk 00:03:40]} {[%emt 00:00:03]} 44. Rf8 {[%clk 00:02:38]} {[%emt 00:00:05]}
Ke4 {[%clk 00:03:40]} {[%emt 00:00:09]} 45. Kd2 {[%clk 00:02:38]} {[%emt
00:00:08]} g5 {[%clk 00:03:40]} {[%emt 00:00:07]} 46. h4 {[%clk 00:02:38]}
{[%emt 00:00:05]} h6 {[%clk 00:03:18]} {[%emt 00:00:32]} 47. hxg5 {[%clk
00:02:38]} {[%emt 00:00:09]} hxg5 {[%clk 00:03:18]} {[%emt 00:00:02]} 48. Re8
{[%clk 00:02:38]} {[%emt 00:00:03]} d3 {[%clk 00:02:53]} {[%emt 00:00:35]} 49.
f3+ {[%clk 00:02:31]} {[%emt 00:00:17]} Kd4 {[%clk 00:02:53]} 50. Rd8+ {[%clk
00:02:31]} {[%emt 00:00:02]} Bd5 {[%clk 00:02:53]} {[%emt 00:00:01]} 51. f4
{[%clk 00:02:27]} {[%emt 00:00:13]} gxf4 {[%clk 00:02:53]} {[%emt 00:00:02]} 52.
gxf4 {[%clk 00:02:27]} Nf3+ {[%clk 00:02:44]} {[%emt 00:00:20]} 53. Kd1 {[%clk
00:02:27]} Ke4 {[%clk 00:02:44]} {[%emt 00:00:06]} 54. f5 {[%clk 00:02:25]}
{[%emt 00:00:11]} Bb3+ {[%clk 00:02:35]} {[%emt 00:00:20]} 55. Kc1 {[%clk
00:02:25]} {[%emt 00:00:01]} d2+ {[%clk 00:02:35]} 56. Rxd2 {[%clk 00:02:25]}
{[%emt 00:00:02]} Nxd2 {[%clk 00:02:35]} {[%emt 00:00:01]} 57. Kxd2 {[%clk
00:02:25]} {[%emt 00:00:01]} Kxf5 {[%clk 00:02:35]} {[%emt 00:00:01]} 58. Kc3
{[%clk 00:02:25]} Be6 {[%clk 00:02:35]} {[%emt 00:00:04]} 59. Kd4 {[%clk
00:02:25]} {[%emt 00:00:04]} Bd7 {[%clk 00:02:35]} {[%emt 00:00:04]} 60. Kd5
{[%clk 00:02:25]} b5 {[%clk 00:02:35]} {[%emt 00:00:04]} 61. Kd6 {[%clk
00:02:25]} {[%emt 00:00:02]} Be8 {[%clk 00:02:35]} {[%emt 00:00:03]} 62. Ke7
{[%clk 00:02:25]} {[%emt 00:00:02]} b4 {[%clk 00:02:35]} {[%emt 00:00:09]} 63.
Kxe8 {[%clk 00:02:25]} {[%emt 00:00:06]} b3 {[%clk 00:02:35]} {[%emt 00:00:02]}
64. Kd7 {[%clk 00:02:25]} Ke4 {[%clk 00:02:35]} {[%emt 00:00:01]} 65. Kc6
{[%clk 00:02:25]} Kd3 {[%clk 00:02:35]} {[%emt 00:00:01]} 66. Kc5 {[%clk
00:02:25]} {[%emt 00:00:01]} Kc2 {[%clk 00:02:35]} {[%emt 00:00:01]} 67. Kd4
{[%clk 00:02:25]} {[%emt 00:00:01]} Kxb2 {[%clk 00:02:35]} {[%emt 00:00:02]} 68.
Kd3 {[%clk 00:02:25]} {[%emt 00:00:01]} Ka2 {[%emt 00:00:07]} 69. Kd4 {[%clk
00:01:32]} {[%emt 00:00:40]} 0-1

[Event "2025 National K-12 Grade Championship"]
[Site "Spokane, WI USA, United States"]
[Date "2025.12.14"]
[Round "6.17"]
[White "Jammalamadaka, Vihaan"]
[Black "Wang, Connor"]
[Result "0-1"]
[TimeControl "G/90; d10"]
[WhiteTitle "CM"]
[WhiteFideId "30977134"]
[BlackFideId "30991803"]
[WhiteElo "2191"]
[BlackElo "2080"]

1. Nf3 {[%clk 01:28:47]} {[%emt 00:01:22]} d5 {[%clk 01:30:00]} {[%emt
00:00:03]} 2. g3 {[%clk 01:27:43]} {[%emt 00:01:14]} Nf6 {[%clk 01:29:51]}
{[%emt 00:00:20]} 3. Bg2 {[%clk 01:27:24]} {[%emt 00:00:29]} c6 {[%clk
01:29:51]} {[%emt 00:00:09]} 4. O-O {[%clk 01:27:17]} {[%emt 00:00:17]} e6
{[%clk 01:29:38]} {[%emt 00:00:22]} 5. d3 {[%clk 01:27:16]} {[%emt 00:00:10]}
Nbd7 {[%clk 01:29:09]} {[%emt 00:00:41]} 6. Nbd2 {[%clk 01:26:37]} {[%emt
00:00:49]} Be7 {[%clk 01:27:48]} {[%emt 00:01:31]} 7. e4 {[%clk 01:26:06]}
{[%emt 00:00:41]} dxe4 {[%clk 01:24:28]} {[%emt 00:03:30]} 8. dxe4 {[%clk
01:25:48]} {[%emt 00:00:28]} Qc7 {[%clk 01:23:13]} {[%emt 00:01:25]} 9. b3
{[%clk 01:23:47]} {[%emt 00:02:12]} b5 {[%clk 01:21:06]} {[%emt 00:02:17]} 10.
Bb2 {[%clk 01:21:50]} {[%emt 00:02:07]} e5 {[%clk 01:20:48]} {[%emt 00:00:27]}
11. a4 {[%clk 01:16:08]} {[%emt 00:05:53]} Bb7 {[%clk 01:16:33]} {[%emt
00:04:24]} 12. Ra2 {[%clk 01:12:41]} {[%emt 00:03:38]} O-O {[%clk 01:12:06]}
{[%emt 00:04:36]} 13. Qa1 {[%clk 01:08:56]} {[%emt 00:03:55]} Bd6 {[%clk
01:09:42]} {[%emt 00:02:35]} 14. Nh4 {[%clk 00:59:22]} {[%emt 00:09:44]} Rfe8
{[%clk 01:04:01]} {[%emt 00:05:51]} 15. Rd1 {[%clk 00:49:16]} {[%emt 00:10:16]}
Bc5 {[%clk 01:00:40]} {[%emt 00:03:31]} 16. h3 {[%clk 00:44:48]} {[%emt
00:04:38]} a6 {[%clk 00:54:38]} {[%emt 00:06:13]} 17. a5 {[%clk 00:39:50]}
{[%emt 00:05:08]} Rad8 {[%clk 00:52:52]} {[%emt 00:01:55]} 18. Nf1 {[%clk
00:38:07]} {[%emt 00:01:54]} Qb8 {[%emt 00:14:07]} 19. Bc1 {[%clk 00:29:53]}
Nf8 {[%clk 00:42:11]} {[%emt 00:05:18]} 20. Be3 {[%clk 00:27:34]} {[%emt
00:02:29]} Rxd1 {[%clk 00:34:08]} {[%emt 00:08:13]} 21. Qxd1 {[%clk 00:27:16]}
{[%emt 00:00:27]} Bxe3 {[%clk 00:32:26]} {[%emt 00:01:52]} 22. Nxe3 {[%clk
00:26:32]} {[%emt 00:00:54]} Rd8 {[%clk 00:32:11]} {[%emt 00:00:25]} 23. Qe2
{[%clk 00:23:46]} {[%emt 00:02:56]} Ne6 {[%clk 00:29:12]} {[%emt 00:03:09]} 24.
c3 {[%clk 00:15:48]} {[%emt 00:08:08]} c5 {[%clk 00:28:28]} {[%emt 00:00:54]}
25. Ng4 {[%clk 00:12:07]} {[%emt 00:03:50]} Nxg4 {[%clk 00:27:29]} {[%emt
00:01:09]} 26. Qxg4 {[%clk 00:11:07]} {[%emt 00:01:10]} Qd6 {[%clk 00:26:53]}
{[%emt 00:00:45]} 27. Ra1 {[%clk 00:04:19]} {[%emt 00:07:00]} Qd3 {[%clk
00:25:47]} {[%emt 00:01:14]} 28. Nf5 {[%clk 00:04:07]} {[%emt 00:00:23]} Qxc3
{[%clk 00:24:45]} {[%emt 00:01:12]} 29. Rd1 {[%clk 00:04:03]} {[%emt 00:00:14]}
Rxd1+ {[%clk 00:24:20]} {[%emt 00:00:35]} 30. Qxd1 {[%clk 00:04:03]} {[%emt
00:00:02]} Nd4 {[%clk 00:21:29]} {[%emt 00:03:01]} 31. Nd6 {[%clk 00:04:01]}
{[%emt 00:00:12]} Bc6 {[%clk 00:20:38]} {[%emt 00:01:01]} 32. Qg4 {[%clk
00:03:19]} {[%emt 00:00:52]} g6 {[%clk 00:18:31]} {[%emt 00:02:17]} 33. Qc8+
{[%clk 00:01:29]} {[%emt 00:02:00]} Kg7 {[%clk 00:18:31]} {[%emt 00:00:01]} 34.
Qxa6 {[%clk 00:01:04]} {[%emt 00:00:36]} Qe1+ {[%clk 00:18:02]} {[%emt
00:00:38]} 35. Bf1 {[%clk 00:01:04]} {[%emt 00:00:02]} Nf3+ {[%clk 00:12:43]}
{[%emt 00:05:30]} 36. Kg2 {[%clk 00:01:04]} {[%emt 00:00:03]} Bxe4 {[%clk
00:12:43]} {[%emt 00:00:02]} 37. Nxe4 {[%clk 00:00:48]} {[%emt 00:00:27]} Qxe4
{[%clk 00:12:43]} {[%emt 00:00:01]} 38. Qb6 {[%clk 00:00:16]} {[%emt 00:00:42]}
Nd2+ {[%clk 00:11:34]} {[%emt 00:01:18]} 39. Kg1 {[%clk 00:00:16]} {[%emt
00:00:02]} Qe1 {[%clk 00:11:24]} {[%emt 00:00:21]} 40. Qxb5 {[%clk 00:00:10]}
{[%emt 00:00:16]} c4 {[%clk 00:11:11]} {[%emt 00:00:23]} 41. Kh2 {[%clk
00:00:07]} {[%emt 00:00:13]} Qxf2+ {[%clk 00:10:58]} {[%emt 00:00:22]} 42. Kh1
{[%clk 00:00:07]} {[%emt 00:00:05]} Qxf1+ {[%clk 00:10:58]} {[%emt 00:00:02]}
43. Kh2 {[%clk 00:00:07]} 0-1